| 000 | 00392cam a22001337a 4500 | ||
|---|---|---|---|
| 008 | 180718b1961 xxu||||| |||| 00| 0 eng d | ||
| 082 | _aDx47 M564 | ||
| 100 | _aMetaxas, Alexandre | ||
| 245 |
_aMoscow or Peking? _cby Alexandre Metaxas |
||
| 260 |
_aLondon _bChatto & Windus _c1961 |
||
| 300 | _a111p. | ||
| 650 | _aSoviet Union --Relations --China | ||
| 650 | _aChina --Relations --Soviet Union | ||
| 999 |
_c373932 _d373932 |
||